000 00810nam a2200157 a 4500
008 120416s1991 ||||||||||||||||| || u
020 _a8170244021
050 _aHF 5635 Sah
100 _aSahaf, M. A
245 1 0 _aManagement accounting: principles and practice
260 _aNew Delhi
_bAshish Publishers
_c1991
350 _a0.00
995 _aMAIN LIBRARY OPEN ACCESS
_D0.00
_e732014
_FCBU-MAIN LIBRARY (Kitwe)
_H1
_I25.00
_jHF 5635 Sah
_M1
_UAVAILABLE
_y029765
_ZMain Library Open Access Collection
995 _aMAIN LIBRARY OPEN ACCESS
_D0.00
_e732013
_FCBU-MAIN LIBRARY (Kitwe)
_H3
_I25.00
_jHF 5635 Sah
_M3
_UAVAILABLE
_y029764
_ZMain Library Open Access Collection
995 _aMAIN LIBRARY OPEN ACCESS
_D0.00
_e732015
_FCBU-MAIN LIBRARY (Kitwe)
_H2
_I25.00
_jHF 5635 Sah
_M2
_ULOST
_y732015
_ZMain Library Open Access Collection
999 _c82392
_d82392